|
|
|
|
| LEADER |
00605cam a2200181 7i4500 |
| 001 |
0000004272 |
| 005 |
20210106090000.0 |
| 020 |
|
|
|a 0471227692
|
| 090 |
0 |
0 |
|a RM301.3.G45
|b P43 2003
|
| 245 |
0 |
0 |
|a Pharmacogenomics :
|b social, ethical, and clinical dimensions
|c edited by Mark A. Rothstein.
|
| 260 |
|
|
|a Hoboken, N.J.:
|b Wiley-Liss,
|c c2003.
|
| 300 |
|
|
|a xii, 368 p.:
|b ill.;
|c 24 cm.
|
| 650 |
0 |
0 |
|a Social Environment
|
| 650 |
0 |
0 |
|a Legislation, Medical
|
| 650 |
0 |
0 |
|a Ethics, Medical
|
| 700 |
1 |
|
|a Rothstein, Mark A.
|
| 997 |
|
|
|a Health Sciences, Faculty
|
| 999 |
|
|
|a 0000005487
|b BOK
|c OPEN SHELF
|e 1st Floor, Shah Alam
|